HSN Code-wise GST Tariff : (Record no. 151799)

MARC details
000 -LEADER
fixed length control field 00661nam a22001937a 4500
005 - DATE AND TIME OF LATEST TRANSACTION
control field 20180427155502.0
010 ## - LCCN (DPL NO)
LC control number ENG-122825
020 ## - INTERNATIONAL STANDARD BOOK NUMBER
International Standard Book Number 9789386643803
Terms of availability 2195.00
035 ## - SYSTEM CONTROL NUMBER
System control number EN-106357
037 ## - SOURCE OF ACQUISITION
Source of stock number/acquisition DBAD/PUB.
082 ## - DEWEY DECIMAL CLASSIFICATION NUMBER
Classification number 343.54055
100 ## - MAIN ENTRY--PERSONAL NAME
Personal name Garg, Rakesh
245 ## - TITLE STATEMENT
Title HSN Code-wise GST Tariff :
Statement of responsibility, etc by Rakesh garg [and] Sandeep garg
Remainder of title rates, notifications and customs codes /
260 ## - PUBLICATION, DISTRIBUTION, ETC. (IMPRINT)
Place of publication, distribution, etc New Delhi
Name of publisher, distributor, etc Bloomsbury
Date of publication, distribution, etc 2017
270 ## - ADDRESS
Address 2nd Floor, Building No.4, DDA Complex LSC, Pocket-C-6&&, Vasant Kunj,
City New Delhi
Postal code 110070
300 v# - PHYSICAL DESCRIPTION
Extent xviii, 1852p.
Dimensions 24cm(pbk)
700 ## - ADDED ENTRY--PERSONAL NAME
Personal name Garg, Sandeep
942 ## - ADDED ENTRY ELEMENTS (KOHA)
Source of classification or shelving scheme Dewey Decimal Classification
Item type English Books
Call number suffix GAR
Classification part 343.54055
Holdings
Withdrawn status Lost status Not for loan Collection code Home library Current library Date acquired Source of acquisition Cost, normal purchase price Full call number Barcode Copy number Cost, replacement price Koha item type
    Not For Loan Non-fiction D.B.Act.Division Central Library 27/04/2018 DBAD/PUB 2195.00 343.54055 GAR EN-106357 1 2195.00 English Books

© Delhi Public Library
Hit Counter
free hit counter